00693nab a2200205 uc450000100070000000500170000700800410002403500110006503500210007604000130009704100080011024500860011865000310020465000530023565000430028865000320033177300950036394200100045899900190046830567420240519091024.0980911e19960801 spa  a305674 a(OCoLC)819767429 ccomduadb aspa10aBibliografia seleccionada sobre didactica de la matematica apoyada por computador 7aMatemáticas2lemb930871 7aEnseñanza con ayuda de computadores2lemb9164 aInformática en la educación945639 7aBibliografía2lemb9226900 tInformática Educativa (Bogotá)gVol.09,No.02,Ago., p. 151-172w292560z0121277X097490 cARIMP c101566d101566